Baylor College of Medicine the Texas A&M University System affiliated educational programs.

Bibliographic Details
Format: Book
Language:English
Published: [Texas?], [publisher not identified] ; [1972?]
Subjects:

MARC

Tag First Indicator Second Indicator Subfields
LEADER 00000cam a2200000Ia 4500
001 in00002240713
005 20151105060651.0
008 070705s1972 txua 000 0 eng d
035 |a (OCoLC)ocn152582048 
035 |a (OCoLC)152582048 
040 |a TXA  |c TXA  |d UtOrBLW 
043 |a n-us-tx 
049 |a TXAM 
090 |a LD359.5.C65  |b B39 1972 
245 0 0 |a Baylor College of Medicine the Texas A&M University System affiliated educational programs. 
246 1 6 |a Texas A&M University System Baylor College of Medicine affiliated educational programs 
246 3 |a Affiliated educational programs 
264 1 |a [Texas?],  |b [publisher not identified] ;  |c [1972?] 
300 |a 1 volume (various pagings) :  |b illustrations ;  |c 22 x 28 cm. 
336 |a text  |b txt  |2 rdacontent 
337 |a unmediated  |b n  |2 rdamedia 
338 |a volume  |b nc  |2 rdacarrier 
500 |a Cover title. 
610 2 0 |a Baylor College of Medicine. 
610 2 0 |a Texas A & M University System. 
650 0 |a Medicine  |x Study and teaching  |z Texas. 
994 |a C0  |b TXA 
948 |a cataloged  |b h  |c 2007/7/5  |d o  |e nbehmer  |f 12:29:07 pm 
999 |a MARS 
999 f f |s b2012ca3-67b3-38ff-8256-ca0d9865a2d8  |i 91f603f3-b13d-3530-96d6-35575d98fdc3  |t 0 
952 f f |p noncirc  |a Texas A&M University  |b College Station  |c Cushing Memorial Library & Archives  |d Cushing: Texas A&M (Does not check out)  |t 0  |e LD359.5.C65 B39 1972  |h Library of Congress classification  |i unmediated -- volume 
998 f f |a LD359.5.C65 B39 1972  |t 0  |l Cushing: Texas A&M (Does not check out)